000 00901nam a22002651u 4500
001 05249
003 HDC
007 cr bn ---
008 210119p xx fo d 00 engg
040 _aHDC
100 _aDr. Claude J S Mosha
_eauthor
_95485
245 4 _aThe Role of Codex in Enhancing Food Safety /
_cby Dr. Claude J S Mosha
260 _a[No place] :
_b[publisher not identified],
_c2007
300 _a11 pages :
_bIllustrations
336 _atext
_2rdacontent
337 _acomputer
_2rdamedia
338 _aonline resource
_2rdacarrier
650 _aCodex Alimentarius
_95486
650 _aFood safety
_9504
650 _aHalal Industry
_9144
856 _zRequest full-text at [email protected]
942 _2lcc
942 _cSLIDE
942 _kSLID 000365
999 _c2573
_d2573